Škola nie je výchovný tábor 2

Saved in:
Bibliographic Details
Main Author Belešová, Mária
Format Electronic eBook
LanguageCzech
Published Grada SK 2024
Edition1. elektronické vydání
Subjects
Online AccessDostupné v BOOKPORT po přihlášení pomocí eduID
ISBN978-80-8090-887-4
978-80-8090-885-0
Physical Description1 online zdroj (352 stran)

Cover

LEADER 00000nam a2200000 i 4500
001 bkp100359
003 CZ-prgp
005 20240926095134.0
006 m o d
007 cr cn
008 240926s2024 xr o 000 0 cze
020 |a 978-80-8090-887-4  |c 457 Kč  |q (online ; epub) 
020 |a 978-80-8090-885-0  |c 537 Kč  |q (print) 
040 |a Grada  |b cze  |e rda 
100 1 |a Belešová, Mária 
245 1 0 |a Škola nie je výchovný tábor 2  |c Mária Belešová 
250 |a 1. elektronické vydání 
264 1 |b Grada SK  |c 2024 
300 |a 1 online zdroj (352 stran) 
336 |a text  |b txt  |2 rdacontent 
337 |a počítač  |b c  |2 rdamedia 
338 |a online zdroj  |b cr  |2 rdacarrier 
520 3 |a Pokračovanie úspešnej príručky pre učiteľov i rodičov, plná užitočných postrehov a tipov, ako efektívne riešiť problémové správanie žiakov v školách a dosiahnuť trvalé zmeny k lepšiemu 
650 0 4 |a Psychologie a pedagogika 
650 0 4 |a Rodičovství 
650 0 4 |a Psychologie 
650 0 4 |a Pedagogika 
650 0 4 |a Rady pro rodiče 
650 0 4 |a Předškolní pedagogika 
650 0 4 |a Speciální pedagogika 
650 0 4 |a Vysokoškolská pedagogika 
856 4 0 |u https://www.bookport.cz/AccountSaml/SignIn/?idp=https://shibboleth.utb.cz/idp/shibboleth&returnUrl=/kniha/skola-nie-je-vychovny-tabor-2-14041/  |y Dostupné v BOOKPORT po přihlášení pomocí eduID